000 00480nam a2200145Ia 4500
008 230917s9999||||xx |||||||||||||| ||und||
020 _cRS100
040 _e166092
_aMAIN
041 _aEnglish
082 _a891.4317409 VK691S
245 0 _aसाठोत्तरी हिन्दी कविताः परिवर्तित दिशाए
260 _aदिल्ली
_bप्रकाशन संस्थान
_c1986
300 _a496 पृ. p.
942 _cHN
999 _c52651
_d52651